Altiplano andino
Shranjeno v:
| Glavni avtor: | |
|---|---|
| Format: | Knjiga |
| Jezik: | španščina |
| Izdano: |
Ciudad de México
Fournier
1953
|
| Serija: | Programa de Historia de América, 9
|
| Teme: | |
| Oznake: |
Označite
Brez oznak, prvi označite!
|
MARC
| LEADER | 00000nam a2200000 a 4500 | ||
|---|---|---|---|
| 001 | UCO2929 | ||
| 003 | CL-VaPUC | ||
| 008 | 000608e19530000MX |||||||||||||||||spa|d | ||
| 082 | 0 | 4 | |a 985.012 |b VAL |2 21 |
| 100 | 0 | |a Valcárcel, Luis E |e author |9 446687 | |
| 245 | 1 | 0 | |a Altiplano andino |
| 300 | |a 141 p | ||
| 942 | |c BK | ||
| 945 | |d 20000608 00:00:00 |a rherrera | ||
| 260 | |a Ciudad de México |b Fournier |c 1953 | ||
| 650 | 0 | |a Historia del Perú |9 430972 | |
| 650 | 0 | |a América Precolombina |9 446253 | |
| 650 | 7 | |a PUEBLOS ANTIGUOS |2 CL-VaPUC |9 446689 | |
| 650 | 7 | |a INCAS |2 CL-VaPUC |9 256565 | |
| 650 | 0 | |a Indios de América del Sur |9 255272 | |
| 650 | 7 | |a SUBCULTURAS |2 CL-VaPUC |9 342173 | |
| 651 | 0 | |a Perú |9 256567 | |
| 651 | 7 | |a ALTIPLANO PERUANO |2 CL-VaPUC |9 446690 | |
| 583 | |a last modification |c 20000608 00:00:00 |k Rodrigo Vera | ||
| 490 | 0 | |a Programa de Historia de América, 9 | |
| 999 | |c 289418 |d 289416 | ||
| 952 | |0 0 |1 0 |4 0 |6 985_012000000000000_VAL_1953 |7 0 |8 A |9 337799 |a BIBHIS |b BIBHIS |d 2019-11-20 |i 1289357 |l 2 |o 985.012 VAL 1953 |p 1289357 |r 2025-01-20 |s 2024-09-04 |w 2019-11-20 |y BK |k HIS | ||